Statistics for Countries with most selfie related fatalities since 2014

Click here to take the quiz!

General Stats

  • This quiz has been taken 30 times
  • The average score is 8 of 13

Answer Stats

DeathsAnswer% Correct
1China
97%
5USA
97%
19India
90%
7Russia
76%
1Pakistan
72%
1Mexico
62%
2Indonesia
55%
4Spain
48%
1Italy
45%
1South Africa
41%
4Philippines
34%
2Portugal
34%
1Romania
10%

Score Distribution

Percentile by Number Answered

Percent of People with Each Score

Your Score History

You have not taken this quiz